| 000 | 01349ncm a2200349 c 4500 | ||
|---|---|---|---|
| 003 | BLK | ||
| 005 | 20240807005427.0 | ||
| 008 | 180414b bul |a|er|||| |0| c|bulo| | ||
| 010 | _aNOT00003814000 | ||
| 040 | _aBLK | ||
| 041 |
_aRUS _cRUS |
||
| 080 |
_aЦигулка, виолина, виола д'аморе _b787.1 _x _z787.1 |
||
| 080 |
_aДуо цигулка и пиано _b785.72:787.1:786.2 _x _z785.72:787.1:786.2 |
||
| 100 |
_aБрамс, Йоханес _d1833 - 1897 _9387452 |
||
| 700 | 1 |
_aЙоахим, Йозеф _eобраб. _9389252 |
|
| 139 |
_aБрамс, Йоханес _bБ 76 |
||
| 245 | 1 | 0 |
_aВенгерский танец N1 _bПереложение для скрипки и фортепиано _cЙоханес Брамс; обраб. Йозеф Йоахим. |
| 246 | 1 | 1 |
_aUngarischer Tanz Nr.1 _bBearbeitung fur Violine und Klavier |
| 254 | _aКлавир | ||
| 257 | _aDEU | ||
| 260 |
_аМосква _bМузыка 12611 _c1984 |
||
| 300 |
_a7 с. _c30 см _eЩим 2 с. |
||
| 380 | _a7 | ||
| 650 | 4 |
_aЦигулка - пиеси, сюити, рапсодии _9353434 |
|
| 653 | _aцигулка | ||
| 852 |
_aЦб М ІІ 9709 _p0 |
||
| 856 | 4 |
_qpdf _u |
|
| 856 | 4 |
_qpdf _u |
|
| 942 |
_cNOT _n0 |
||
| 944 |
_aCR _c15.11.2016 _k _lCRON CRON |
||
| 944 |
_aED _c15.11.2016 _kКамелия_Данева |
||
| 999 |
_c320831 _d320831 |
||